00631nam a2200217 a 45000010008000000030006000080050017000140080041000310100017000720200022000890400018001110500023001290820017001521000026001692450084001952600053002793000021003325000020003536300023003736500017003962825877GBCCL20241126110528.0831103s1983 oru 001 0 eng  a 83081267  a0890813892 (pbk.) aDLCcDLCdDLC00aBS647.2b.V36 198300a236219bVAN2 aVander Lugt, Herbert.10aThere's a new day coming! :ba survey of endtime events /cHerbert Vander Lugt. aEugene, Or. :bHarvest House Publishers,cc1983. a160 p. ;c21 cm. aIncludes index.00aBiblexProphecies. 0aEschatology.